000
00294 a2200133 4500
001
68219
082
_a
297/ABD
090
_c
38654
_d
38654
100
_a
Prof Abdul Qayyum
245
_a
Lectures on Islam P-II
_h
Medium
250
_a
P-II
260
_a
Islamabad
_b
AIOU
_c
1996
300
_a
105 p.
942
_a
CAE NUST
_k
297/ABD
999
_c
303292
_d
303292